Prénoms des savants de la Tour Eiffel - 3 - Statistiques

Statistiques générales
  • Ce quiz a été pris 5 fois
  • Le résultat moyen est 2 sur 18
Statistiques - réponses
Hint Réponse % Correct
MONGE Gaspard
50%
FRESNEL Augustin Jean
25%
BELGRAND Eugène
25%
REGNAULT Henri Victor
25%
EBELMEN Jacques-Joseph
25%
FOUCAULT Jean-Bernard
25%
HAUY René-Just
25%
MORIN Arthur
0%
CAUCHY Augustin
0%
COULOMB Charles-Augustin
0%
DELAUNAY Charles-Eugène
0%
ARAGO Dominique-François
0%
DE PRONY Gaspard Clair
0%
COMBES Jean-François
0%
POINSOT Louis
0%
THENARD Louis-Jacques
0%
VICAT Louis Joseph
0%
POISSON Siméon Denis
0%
Aucun quiz correspondant
Distribution des résultats
% des personnes avec chaque résultat
Percentile par nombre de réponses
Votre historique - résultats
Vous n’avez pas pris ce quiz